[Event "Bijnor op"]
[Site "Bijnor"]
[Date "2023.12.02"]
[Round "5"]
[White "Zeeshan, Ali"]
[Black "Rahul, Suri"]
[Result "0-1"]
[WhiteElo "1347"]
[BlackElo "1184"]
[PlyCount "126"]
[EventDate "2023.11.30"]
[EventType "swiss"]
[EventRounds "7"]
[EventCountry "IND"]
[SourceTitle "CB50_2023"]
[SourceDate "2023.12.13"]
[SourceVersion "1"]
[SourceVersionDate "2023.12.13"]
[SourceQuality "1"]

1. e4 c5 2. Nf3 g6 3. d4 cxd4 4. Nxd4 Nf6 5. Nc3 Nc6 6. Be3 Bg7 7. Be2 d5 8. exd5 Nxd5 9. Nxd5 Qxd5 10. Bf3 Qc4 11. Nxc6 bxc6 12. Qd3 Qa4 13. 0-0-0 0-0 14. Qb3 Qa6 15. Qa3 Qc4 16. Qb3 Qa6 17. Qa3 Qxa3 18. bxa3 Be6 19. Bd4 Bh6+ 20. Be3 Bxe3+ 21. fxe3 Rab8 22. Bxc6 Bxa2 23. Be4 Kg7 24. g3 Rfc8 25. Rd7 f5 26. Bb7 Rxb7 27. Rxb7 Bd5 28. Rxe7+ Kf6 29. e4 Bxe4 30. Rxe4 fxe4 31. Rf1+ Ke6 32. Rf4 Rc4 33. Kd2 Ra4 34. Kc3 Rxa3+ 35. Kb4 Re3 36. c4 Re1 37. Kb5 g5 38. Rf8 e3 39. Re8+ Kd7 40. Re4 e2 41. Kc5 a5 42. Rd4+ Ke6 43. Rd2 Ke5 44. Rb2 Ke4 45. Kb5 Ke3 46. c5 Rc1 47. Rxe2+ Kxe2 48. h4 gxh4 49. gxh4 Kd3 50. c6 Rxc6 51. Kxc6 a4 52. Kd6 a3 53. Ke6 a2 54. Kf7 a1Q 55. Kg8 h5 56. Kh7 Qf6 57. Kg8 Ke4 58. Kh7 Kf5 59. Kg8 Ke6 60. Kh7 Qxh4 61. Kg6 Qg4+ 62. Kh6 Kf7 63. Kh7 Qg7# 0-1